Statistics for All of the Girls You Loved Before lyrics

Click here to take the quiz!

General Stats

  • This quiz has been taken 23 times
  • The average score is 266 of 301

Answer Stats

Lyrics% Correct
a
100%
A
100%
all
100%
All
100%
And
100%
and
100%
before,
100%
before
100%
can
100%
girls
100%
I
100%
love,
100%
love
100%
loved
100%
me
100%
the
100%
you
100%
you,
100%
your
100%
Your
100%
you're
100%
but
94%
for
94%
I'm
94%
in
94%
I've
94%
late
94%
made
94%
mine
94%
more
94%
need
94%
nights,
94%
no
94%
Now
94%
now
94%
of
94%
on
94%
one
94%
so
94%
some
94%
street
94%
think
94%
to
94%
When
94%
Every
88%
fallen
88%
feels
88%
good
88%
how
88%
is
88%
led
88%
name
88%
not
88%
say
88%
straight
88%
thankful
88%
that
88%
up,
88%
up
88%
alone
82%
alone,
82%
around
82%
bathroom
82%
brought
82%
cannot
82%
Cryin'
82%
dead-end
82%
dude
82%
fights,
82%
forever
82%
heart
82%
here
82%
It's
82%
it's
82%
kind
82%
lame
82%
like
82%
loyal
82%
mother
82%
over
82%
phone
82%
remember
82%
someone,
82%
there's
82%
they
82%
wanna
82%
whose
82%
are
76%
"baby,"
76%
"baby"
76%
drawn
76%
goodbye
76%
handwriting,
76%
someone's
76%
teach
76%
We're
76%
home,
71%
just
71%
knew
71%
know
71%
lady
71%
taught
71%
Teenage
71%
time
71%
treat
71%
why
71%
wild
71%
aligned
65%
amazing
65%
call
65%
fake
65%
feelin'
65%
hands,
65%
intertwined
65%
into
65%
one's
65%
out
65%
sixteen
65%
Stars
65%
town,
65%
town
65%
way
65%
woman
65%
everything
59%
killin'
59%
lines
59%
mornin'
59%
parallel
59%
past
59%
with
59%
holdin'
53%
sneakin'
53%
Wake
53%
breakin'
47%
makeup,
47%
makin'
47%
Secret
47%
jokes
41%
sayin'
41%
leave
29%
without
29%

Score Distribution

Percentile by Number Answered

Percent of People with Each Score

Your Score History

You have not taken this quiz